<?xml version="1.0" encoding="UTF-8"?>
<record
    xmlns:xsi="http://www.w3.org/2001/XMLSchema-instance"
    xsi:schemaLocation="http://www.loc.gov/MARC21/slim http://www.loc.gov/standards/marcxml/schema/MARC21slim.xsd"
    xmlns="http://www.loc.gov/MARC21/slim">

  <leader>00579nam a22001577a 4500</leader>
  <datafield tag="082" ind1=" " ind2=" ">
    <subfield code="a">928</subfield>
    <subfield code="b">HAL</subfield>
  </datafield>
  <datafield tag="100" ind1=" " ind2=" ">
    <subfield code="a">Hali, Khawaja Iltaf Hussain </subfield>
  </datafield>
  <datafield tag="245" ind1=" " ind2=" ">
    <subfield code="a">Hayat-E- Javed / </subfield>
    <subfield code="c">Khawaja Iltaf Hussain Hali</subfield>
  </datafield>
  <datafield tag="260" ind1=" " ind2=" ">
    <subfield code="a">Lahore: </subfield>
    <subfield code="b">Al-Faisal,</subfield>
    <subfield code="c">2015.</subfield>
  </datafield>
  <datafield tag="300" ind1=" " ind2=" ">
    <subfield code="a">712p. ;</subfield>
    <subfield code="c">24cm.</subfield>
  </datafield>
  <datafield tag="563" ind1=" " ind2=" ">
    <subfield code="a">HB</subfield>
  </datafield>
  <datafield tag="880" ind1=" " ind2=" ">
    <subfield code="6">100-01\(3\r</subfield>
    <subfield code="a">&#x62E;&#x648;&#x627;&#x62C;&#x6C1; &#x627;&#x644;&#x637;&#x627;&#x641; &#x62D;&#x633;&#x6CC;&#x646; &#x62D;&#x627;&#x644;&#x6CC;</subfield>
  </datafield>
  <datafield tag="880" ind1=" " ind2=" ">
    <subfield code="6">245-02\(3\r</subfield>
    <subfield code="a">&#x62D;&#x6CC;&#x627;&#x62A;&#x650; &#x62C;&#x627;&#x648;&#x6CC;&#x62F; /</subfield>
    <subfield code="b">&#x62E;&#x648;&#x627;&#x62C;&#x6C1; &#x627;&#x644;&#x637;&#x627;&#x641; &#x62D;&#x633;&#x6CC;&#x646; &#x62D;&#x627;&#x644;&#x6CC;</subfield>
  </datafield>
  <datafield tag="880" ind1=" " ind2=" ">
    <subfield code="6">260-03\(3\r</subfield>
    <subfield code="a">&#x644;&#x627;&#x6C1;&#x648;&#x631;:</subfield>
    <subfield code="b">&#x627;&#x644;&#x641;&#x6CC;&#x635;&#x644; &#x646;&#x627;&#x634;&#x631;&#x627;&#x646; &#x648; &#x62A;&#x627;&#x62C;&#x631;&#x627;&#x646;&#x650; &#x6A9;&#x62A;&#x628;,</subfield>
    <subfield code="c">2015.</subfield>
  </datafield>
  <datafield tag="942" ind1=" " ind2=" ">
    <subfield code="2">ddc</subfield>
    <subfield code="c">BK</subfield>
  </datafield>
  <datafield tag="999" ind1=" " ind2=" ">
    <subfield code="c">614198</subfield>
    <subfield code="d">614198</subfield>
  </datafield>
  <datafield tag="952" ind1=" " ind2=" ">
    <subfield code="0">0</subfield>
    <subfield code="1">0</subfield>
    <subfield code="2">ddc</subfield>
    <subfield code="4">0</subfield>
    <subfield code="6">928_000000000000000_HAL</subfield>
    <subfield code="7">0</subfield>
    <subfield code="9">641440</subfield>
    <subfield code="a">CL</subfield>
    <subfield code="b">CL</subfield>
    <subfield code="d">2025-07-10</subfield>
    <subfield code="l">0</subfield>
    <subfield code="o">928 HAL</subfield>
    <subfield code="p">CL-D-2863</subfield>
    <subfield code="r">2025-07-10</subfield>
    <subfield code="w">2025-07-10</subfield>
    <subfield code="y">BK</subfield>
  </datafield>
</record>
